| 000 | 00465nam a2200181Ia 4500 | ||
|---|---|---|---|
| 001 | 3912 | ||
| 005 | 20260306145718.0 | ||
| 008 | 260306t2004||||xx |||||||||||||| ||spa|| | ||
| 041 | _aESP | ||
| 082 |
_a305.42 _bF94 |
||
| 100 |
_aFuller Osores, Norma J. (Ed.) _eAUT |
||
| 245 | 0 | _aJerarquías en jaque, estudios de género en el área andina | |
| 260 | _c2004 | ||
| 300 |
_a414 páginas : _c21 cm. |
||
| 650 | _aGEN | ||
| 654 | _aCHU | ||
| 942 |
_cLIB _dJUS _fJUS _2ddc _n |
||
| 999 |
_c3912 _d3912 |
||